00283nam a22001097a 4500020000800000040001600008082001600024100002200040245005100062260003100113300002900144 qHB. cFIIZA ISHAQ a491.78bPAT aPatrick , George  aIntermediate Russian Reader /cGeorge Patrick. aNew York:bPitman, c1945. a327 P. ;c19.5 X 12.7 cm